Discourse analysis (Record no. 281)

MARC details
000 -LEADER
fixed length control field 00461 a2200193 4500
001 - CONTROL NUMBER
control field 066089
003 - CONTROL NUMBER IDENTIFIER
control field OSt
005 - DATE AND TIME OF LATEST TRANSACTION
control field 20210909162851.0
008 - FIXED-LENGTH DATA ELEMENTS--GENERAL INFORMATION
fixed length control field
020 ## - INTERNATIONAL STANDARD BOOK NUMBER
International Standard Book Number 9780631208778
082 ## - DEWEY DECIMAL CLASSIFICATION NUMBER
Classification number 401.41
Item number J64D
100 1# - MAIN ENTRY--PERSONAL NAME
Personal name Johnstone, Barbara
245 1# - TITLE STATEMENT
Title Discourse analysis
Statement of responsibility, etc by Barbara Johnstone
260 ## - PUBLICATION, DISTRIBUTION, ETC. (IMPRINT)
Place of publication, distribution, etc USA
Name of publisher, distributor, etc Blackwell
Date of publication, distribution, etc 2005
300 ## - PHYSICAL DESCRIPTION
Extent 269p.
630 ## - SUBJECT ADDED ENTRY--UNIFORM TITLE
Uniform title English
690 ## - LOCAL SUBJECT ADDED ENTRY--TOPICAL TERM (OCLC, RLIN)
Topical term or geographic name as entry element Discourse analysis
942 ## - ADDED ENTRY ELEMENTS (KOHA)
Source of classification or shelving scheme Dewey Decimal Classification
Koha item type Books
Holdings
Withdrawn status Lost status Source of classification or shelving scheme Damaged status Not for loan Collection code Home library Current library Date acquired Source of acquisition Cost, normal purchase price Total Checkouts Full call number Barcode Date last seen Date checked out Price effective from Koha item type
    Dewey Decimal Classification     General Text Book Central University Of Rajasthan Central University Of Rajasthan 07/03/2012 ENG 1588.00 2 401.41 J64D 375 21/11/2024 20/02/2023 02/09/2020 Books